| 000 | 00642nam a2200217 i 4500 | ||
|---|---|---|---|
| 001 | 189312 | ||
| 003 | SpMaBN | ||
| 005 | 20250418063200.0 | ||
| 008 | 190522s1984 sp |||| | spa d | ||
| 020 | _a84-322-0507-9 | ||
| 080 | _a821.134.2(85)-31"19" | ||
| 100 | 1 |
_aVargas Llosa, Mario, _d1936-2025 _9240060 |
|
| 245 | 1 | 0 |
_aHistoria de Mayta / _cMario Vargas Llosa. |
| 250 | _a1ยช ed. | ||
| 260 |
_aBarcelona : _bSeix Barral, _c1984. |
||
| 300 |
_a346 p. ; _c20 cm. |
||
| 490 | 1 |
_aBiblioteca breve ; _v658 |
|
| 830 | 0 |
_aBiblioteca breve (Seix Barral) _v658 _9227188 |
|
| 852 |
_aES-MaACL _jL-32322 |
||
| 999 |
_c189312 _d189312 |
||